00600nam a22001937a 450000500170000001000150001702000410003203500130007303500170008603700130010303700270011608200080014310000190015124500690017026000400023927000450027930000320032450000500035620140828103656.0 aENG-108672 a9789325969230c330.00 (395.00 BPPD) aEN-92205 aB-537782-795 bDBAD/PUB bMallika Books/Venadpl a337 aDwivedi, D. N.10aInternational economics :cby D. N. Dwivedibtheory and policy / aNoidabVikas Publishing Housec2013 aE-28, Sector-8bNoidae201301  axx,540p. :c24cm(pbk)bill. aIncludes bibliographical references and index